000 00623nam a22001937a 4500
005 20260427124444.0
010 _aENG-147853
020 _a9789371362481
_c450.00
035 _aEN-131385
037 _bDBAD
082 _21
_a530
245 _aNEET 2023 Crash Course Physics
250 _a1
260 _aUttar Pradesh
_bPearson India Education Services Pvt. Ltd.
_c2026
270 _a1st Floor, Berger Tower, Plot No. C-001A/2, Sector 16B, Noida - 201 301, Uttar Pradesh, India.
300 _avpp.
_c25cm(pb)
500 _aA Complete Guide for NEET (UG) Aspirants
942 _2ddc
_cEN
_e1
_h530
_mNEE
999 _c215983
_d215983